[Event "ICS rated standard match"]
[Site "204.178.125.65"]
[Date "1999.12.08"]
[Round "?"]
[White "Hossa"]
[Black "netpi"]
[Result "1-0"]
[WhiteElo "2186"]
[BlackElo "2474"]
[PlyCount "171"]

1. e4 e5 2. Nf3 Nc6 3. Bb5 a6 4. Ba4 b5 5. Bb3 d6 6. d4 Bg4 7. h3 Bxf3 8. Qxf3
Nf6 9. dxe5 dxe5 10. Qg3 Qd7 11. Nd2 O-O-O 12. O-O h5 13. a4 Nd4 14. Re1 Bb4
15. c3 Nxb3 16. Nxb3 Qd1 17. Rxd1 Rxd1+ 18. Kh2 Ng4+ 19. Qxg4+ hxg4 20. cxb4
bxa4 21. Rxa4 gxh3 22. Rxa6 hxg2+ 23. Kxg2 Rhh1 24. Be3 Kd8 25. f3 Rhe1 26.
Ra8+ Kd7 27. Nc5+ Ke7 28. Kf2 Rf1+ 29. Kg3 Rfe1 30. Bf2 Re2 31. Ra3 Rc2 32. Rc3
Rdd2 33. Rxc2 Rxc2 34. b3 Kd6 35. Nb7+ Kd7 36. b5 Rc3 37. Nc5+ Kd6 38. b4 f6
39. Nb7+ Kd7 40. Na5 g6 41. Nc6 Ke6 42. Nd8+ Kd7 43. Nb7 Rc2 44. Nc5+ Kd8 45.
Be3 Rc3 46. Bd2 Rc2 47. Be1 Re2 48. Bc3 Rc2 49. Na4 Ra2 50. Nb2 Ra1 51. Kf2 Ra3
52. Nd1 Kd7 53. Ke2 Kd6 54. Kd3 Ra2 55. Nb2 Ke7 56. Nc4 Rf2 57. Nd2 Rh2 58. Bb2
Ke6 59. Ke3 Rh8 60. Nc4 Rc8 61. b6 cxb6 62. Nxb6 Rc2 63. Na4 f5 64. b5 f4+ 65.
Kd3 Rf2 66. b6 Kd7 67. Nc5+ Kc6 68. Bxe5 Rxf3+ 69. Kc4 Kxb6 70. Ne6 Rf1 71.
Bxf4 Kc6 72. Kd4 Rb1 73. Ke5 Rb4 74. Bg5 Rb5+ 75. Kf6 Rb6 76. Kf7 Rb4 77. Nd8+
Kd7 78. e5 Re4 79. e6+ Kd6 80. Kf6 Re2 81. Nf7+ Kc6 82. Ne5+ Kd5 83. Bf4 Rc2
84. Bg3 g5 85. e7 Rc8 86. Kf7 1-0

[Event "ICS rated blitz match"]
[Site "204.178.125.65"]
[Date "1999.12.08"]
[Round "?"]
[White "xergreater"]
[Black "Hossa"]
[Result "0-1"]
[WhiteElo "2226"]
[BlackElo "2500"]
[PlyCount "80"]

1. e4 e5 2. Nf3 Nc6 3. Bb5 a6 4. Ba4 Nf6 5. O-O Be7 6. Bxc6 dxc6 7. d3 Qd6 8.
h3 O-O 9. Qe2 Rd8 10. b3 Be6 11. Bb2 Nd7 12. Nbd2 b5 13. a4 c5 14. Rfd1 Bf6 15.
Nf1 c6 16. Ne3 Be7 17. Nf5 Bxf5 18. exf5 Bf6 19. Nd2 Qb8 20. Ne4 Be7 21. g4 f6
22. h4 Rf8 23. Qf3 Qc7 24. Ng3 Nb6 25. axb5 axb5 26. Ne4 Nd5 27. Kh1 Nf4 28. d4
cxd4 29. g5 Rxa1 30. Rxa1 fxg5 31. hxg5 Qd7 32. f6 gxf6 33. gxf6 Bxf6 34. Nxf6+
Rxf6 35. Ra8+ Kg7 36. Qg3+ Rg6 37. Qf3 Qf7 38. Rc8 Rh6+ 39. Kg1 Nh3+ 40. Kg2
Rg6+ 0-1

[Event "ICS rated blitz match"]
[Site "204.178.125.65"]
[Date "1999.12.08"]
[Round "?"]
[White "Hossa"]
[Black "MissSilicon"]
[Result "0-1"]
[WhiteElo "2505"]
[BlackElo "2679"]
[PlyCount "130"]

1. e4 e6 2. d4 d5 3. Nc3 Nf6 4. Bg5 Be7 5. e5 Nfd7 6. Be3 c5 7. Qg4 g6 8. Nf3
cxd4 9. Qxd4 Nc6 10. Qa4 Bb4 11. Bb5 Bxc3+ 12. bxc3 Qc7 13. O-O O-O 14. Bh6 Re8
15. Rfe1 a6 16. Bd3 Ne7 17. Qd4 Nc6 18. Qf4 Na5 19. Qd2 Nc5 20. Ng5 Nd7 21. f4
Qc5+ 22. Kh1 Nb6 23. Bf1 Bd7 24. Rab1 Qc6 25. Nf3 Na4 26. Re3 Qc7 27. Qe1 Rec8
28. Qh4 Qd8 29. Qxd8+ Rxd8 30. Bg5 Rdc8 31. c4 dxc4 32. Bf6 c3 33. Kg1 b6 34.
g4 Nc4 35. Re2 Bb5 36. Rf2 Ne3 37. Bh3 Nd5 38. Bg5 Bc4 39. a3 Kg7 40. Nd4 h6
41. Bh4 h5 42. gxh5 Rh8 43. Bg4 gxh5 44. Bf3 Rag8 45. f5 Kf8+ 46. Kh1 exf5 47.
Nxf5 Nb2 48. Nd6 Nf4 49. Bb7 Rg4 50. Bd8 b5 51. Ba5 Ba2 52. Rbf1 Nh3 53. Rf6
Rh7 54. Bb4 a5 55. Bxa5 Nc4 56. Nxc4 Rhg7 57. Bg2 Bxc4 58. e6 Rxg2 59. Rxf7+
Kg8 60. Rf8+ Kh7 61. Rh8+ Kxh8 62. Rf8+ Kh7 63. Rh8+ Kxh8 64. Bb6 Rg1+ 65. Bxg1
Rxg1# 0-1

[Event "ICS rated blitz match"]
[Site "204.178.125.65"]
[Date "1999.12.08"]
[Round "?"]
[White "theSearcher"]
[Black "Hossa"]
[Result "0-1"]
[WhiteElo "2370"]
[BlackElo "2496"]
[PlyCount "34"]

1. d4 Nf6 2. g3 d5 3. Bg2 e6 4. Nf3 c5 5. O-O cxd4 6. Nxd4 Nc6 7. c3 Be7 8. Re1
O-O 9. e4 Nxd4 10. cxd4 Nxe4 11. Bxe4 dxe4 12. Rxe4 b6 13. Qh5 Bb7 14. Rg4 f5
15. Rxg7+ Kxg7 16. Bh6+ Kg8 17. Qg5+ Bxg5 0-1

[Event "ICS rated blitz match"]
[Site "204.178.125.65"]
[Date "1999.12.08"]
[Round "?"]
[White "RussianCat"]
[Black "Hossa"]
[Result "0-1"]
[WhiteElo "2330"]
[BlackElo "2506"]
[PlyCount "56"]

1. e4 e5 2. Nf3 Nc6 3. Bc4 Bc5 4. Nc3 Nf6 5. d3 O-O 6. Bg5 d6 7. Nd5 Na5 8.
Nxf6+ gxf6 9. Bh6 Nxc4 10. dxc4 Re8 11. Nh4 f5 12. Qh5 fxe4 13. Bg5 f6 14. Bxf6
Qxf6 15. Qxe8+ Kg7 16. O-O-O Qxh4 17. f4 Qxf4+ 18. Kb1 Qf8 19. Qh5 Qe7 20. Rhf1
Be6 21. Rde1 Rf8 22. Rxf8 Qxf8 23. Qg5+ Kh8 24. Rxe4 Qf1+ 25. Qc1 Qxg2 26. Rh4
Qe2 27. a3 Bf2 28. Rh6 Be3 0-1

[Event "ICS rated blitz match"]
[Site "204.178.125.65"]
[Date "1999.12.08"]
[Round "?"]
[White "Hossa"]
[Black "RussianCat"]
[Result "1-0"]
[WhiteElo "2515"]
[BlackElo "2321"]
[PlyCount "25"]

1. e4 e6 2. d4 d5 3. e5 b6 4. Nf3 Ba6 5. Bxa6 Nxa6 6. O-O Qd7 7. Qe2 Nb8 8. Be3
Nc6 9. c4 dxc4 10. Qxc4 Nge7 11. Rc1 Rc8 12. b3 Nd5 13. Qxc6 1-0

[Event "ICS rated blitz match"]
[Site "204.178.125.65"]
[Date "1999.12.08"]
[Round "?"]
[White "Hossa"]
[Black "Zippy"]
[Result "1-0"]
[WhiteElo "2519"]
[BlackElo "2369"]
[PlyCount "107"]

1. e4 c5 2. Nf3 d6 3. d4 cxd4 4. Nxd4 Nf6 5. Nc3 g6 6. Be3 e5 7. Bb5+ Nbd7 8.
Nf3 a6 9. Bc4 Qc7 10. Bb3 Nc5 11. Nd5 Nxd5 12. Bxd5 Be7 13. O-O O-O 14. Bh6 Re8
15. Qd2 Be6 16. Rad1 Bxd5 17. Qxd5 Qc6 18. Rfe1 Rac8 19. c4 Qxd5 20. Rxd5 Nd7
21. b3 Nf6 22. Rd3 Ng4 23. Bg5 f6 24. Bd2 f5 25. Bg5 fxe4 26. Rxe4 Bxg5 27.
Nxg5 Nf6 28. Re1 Rc6 29. Red1 h6 30. Nh3 Rd8 31. a4 b6 32. Re1 Rdc8 33. f3 Kf7
34. Nf2 Ke6 35. Red1 Rd8 36. Ne4 Nxe4 37. fxe4 Rf8 38. Rg3 g5 39. Rh3 Rf6 40.
Rf1 Rg6 41. Rf8 b5 42. axb5 axb5 43. cxb5 Rc1+ 44. Kf2 Rc2+ 45. Kf1 Rc1+ 46.
Ke2 Rc2+ 47. Kd1 Rxg2 48. b6 Rg1+ 49. Kc2 g4 50. b7 Rd1 51. b8=Q Rc1+ 52. Kxc1
Rg7 53. Rxh6+ Ke7 54. Qxd6# 1-0

[Event "ICS rated blitz match"]
[Site "204.178.125.65"]
[Date "1999.12.08"]
[Round "?"]
[White "Hossa"]
[Black "WhiteCastles"]
[Result "0-1"]
[WhiteElo "2520"]
[BlackElo "2874"]
[PlyCount "142"]

1. e4 e5 2. Nf3 Nc6 3. Bb5 a6 4. Bxc6 dxc6 5. O-O f6 6. d4 exd4 7. Qxd4 Qxd4 8.
Nxd4 Bd7 9. Be3 Bd6 10. Nc3 Ne7 11. Rad1 O-O 12. Nb3 Bg4 13. f3 Be6 14. Nc5 Bc4
15. Rfe1 b5 16. Nb7 Be5 17. a3 a5 18. Bc5 Rfe8 19. Rd7 Ng6 20. Red1 Nf4 21. Kh1
Ne6 22. Be7 b4 23. axb4 axb4 24. Nb1 Be2 25. Rg1 Ba6 26. Bxb4 Bxb7 27. Ba3 Rad8
28. Rgd1 Rxd7 29. Rxd7 c5 30. h4 Bg3 31. Nc3 Bc6 32. Rd1 Bxh4 33. Kh2 Bf2 34.
Rd2 Be3 35. Rd3 Bf4+ 36. g3 c4 37. Rd1 Be3 38. Re1 Bd2 39. Rf1 Kf7 40. Nb1 Be3
41. Re1 Bh6 42. Rd1 Ba4 43. Nc3 Bxc2 44. Rd7+ Kg8 45. Kh3 Rd8 46. Rxd8+ Nxd8
47. Nd5 Ne6 48. Kg2 Kf7 49. Ne7 Be3 50. Nc6 Ng5 51. Na5 Bd1 52. Nxc4 Bxf3+ 53.
Kf1 Bd4 54. Nd2 Bxe4 55. Ke2 Bd5 56. Ke1 f5 57. b4 Be5 58. Nf1 Ne4 59. b5 Bc4
60. Ne3 Bxg3+ 61. Kd1 Bd3 62. Bb4 f4 63. Nc2 f3 64. Ne3 f2 65. Kc1 Bf4 66. Kb2
Bxe3 67. Bc3 f1=Q 68. Be1 Qe2+ 69. Bd2 Qxd2+ 70. Kb3 Bc5 71. b6 Qc2# 0-1

[Event "ICS rated blitz match"]
[Site "204.178.125.65"]
[Date "1999.12.08"]
[Round "?"]
[White "WhiteCastles"]
[Black "Hossa"]
[Result "1-0"]
[WhiteElo "2878"]
[BlackElo "2516"]
[PlyCount "153"]

1. e4 e5 2. Nf3 Nc6 3. Bb5 a6 4. Ba4 Nf6 5. O-O Be7 6. Re1 b5 7. Bb3 d6 8. c3
O-O 9. h3 Na5 10. Bc2 c5 11. d3 Be6 12. Be3 Nc6 13. Nbd2 Qd7 14. Ng5 Rad8 15.
a4 b4 16. Qe2 h6 17. Nxe6 fxe6 18. Nb3 Rf7 19. Rec1 Qa7 20. Nd2 Rb8 21. cxb4
Rxb4 22. Bb3 d5 23. exd5 exd5 24. Qf3 Nd4 25. Bxd4 Rxd4 26. Qe2 Bd6 27. Nf3 Rb4
28. Nd2 Qb6 29. Rc3 Rf8 30. Ne4 Rxb3 31. Rxb3 Qxb3 32. Nxd6 Nd7 33. Qg4 Qxb2
34. Rf1 Nf6 35. Qe6+ Kh7 36. Qe7 Rb8 37. Nf5 Rb7 38. Qxc5 Qb6 39. Qxb6 Rxb6 40.
Re1 e4 41. dxe4 Nxe4 42. f3 Nc5 43. Re7 Rb7 44. Rxb7 Nxb7 45. Nd4 Nc5 46. a5
Kg6 47. Kf2 Kf6 48. Ke3 h5 49. Nc6 Ke6 50. Nd4+ Ke5 51. f4+ Kf6 52. g3 Ne4 53.
g4 hxg4 54. hxg4 Nc5 55. Kd2 Ke7 56. Ke3 Kd7 57. g5 Ne6 58. Nf3 Ke7 59. f5 Nc5
60. Kd4 Kd6 61. g6 Ne4 62. Ne5 Nf6 63. Nf7+ Kc6 64. Nd8+ Kb5 65. Ne6 Kc6 66.
Nxg7 Kd6 67. Ne6 Ng8 68. Nf4 Ne7 69. f6 Nxg6 70. Nxg6 Ke6 71. Nf4+ Kf7 72. Nxd5
Ke6 73. f7 Kf5 74. f8=Q+ Ke6 75. Kc4 Ke5 76. Qf6+ Ke4 77. Qf4# 1-0

[Event "ICS rated blitz match"]
[Site "204.178.125.65"]
[Date "1999.12.08"]
[Round "?"]
[White "Hossa"]
[Black "thutters"]
[Result "1-0"]
[WhiteElo "2512"]
[BlackElo "2312"]
[PlyCount "73"]

1. e4 c5 2. Nf3 d6 3. d4 cxd4 4. Nxd4 Nf6 5. Nc3 e6 6. g3 Nc6 7. Bg2 Bd7 8. O-O
Qb8 9. Bg5 Be7 10. Qd2 O-O 11. Ndb5 a6 12. Nxd6 Qxd6 13. Qxd6 Bxd6 14. Bxf6
gxf6 15. Rad1 Be5 16. Rxd7 Bxc3 17. bxc3 Na5 18. Rfd1 Rac8 19. R1d3 Rc5 20. f4
Rfc8 21. Rd8+ Rxd8 22. Rxd8+ Kg7 23. Rd3 Rb5 24. Rd7 Rb2 25. Bf3 Kg6 26. f5+
exf5 27. exf5+ Kg5 28. h4+ Kh6 29. Rxf7 Rxc2 30. Rxf6+ Kg7 31. Rb6 Rxc3 32. f6+
Kf8 33. Kg2 Rc2+ 34. Kh3 Rxa2 35. Bxb7 Nxb7 36. Rxb7 a5 37. Rxh7 1-0

[Event "ICS rated blitz match"]
[Site "204.178.125.65"]
[Date "1999.12.08"]
[Round "?"]
[White "MissSilicon"]
[Black "Hossa"]
[Result "1-0"]
[WhiteElo "2688"]
[BlackElo "2520"]
[PlyCount "115"]

1. e4 e5 2. f4 exf4 3. Nf3 g5 4. h4 g4 5. Ne5 Qe7 6. d4 d6 7. Nxg4 Qxe4+ 8. Qe2
d5 9. Ne5 f6 10. Bxf4 Bd6 11. Nd3 Bg4 12. Qxe4+ dxe4 13. Bxd6 cxd6 14. Nf2 f5
15. Nxg4 fxg4 16. Nc3 Nf6 17. Bb5+ Ke7 18. O-O Nc6 19. Rae1 d5 20. Rxf6 Kxf6
21. Nxd5+ Kf7 22. Rxe4 Rad8 23. Rf4+ Ke6 24. Bxc6 bxc6 25. Nb4 Rc8 26. Rxg4
Rhf8 27. c4 Kf5 28. Rg3 Ke4 29. Nc2 Rb8 30. b4 Rf4 31. Re3+ Kf5 32. Re5+ Kf6
33. Rc5 Rb6 34. d5 cxd5 35. Ne3 Ke6 36. Nxd5 Rxh4 37. Nxb6 axb6 38. Rc6+ Ke7
39. a4 Rd4 40. Rxb6 Rxc4 41. a5 Kd7 42. a6 Kc7 43. Rb7+ Kd6 44. b5 h5 45. a7
Rc1+ 46. Kh2 Ra1 47. Rb6+ Kc5 48. Ra6 Rb1 49. a8=Q Rxb5 50. Qf8+ Kc4 51. Qf4+
Kb3 52. Qa4+ Kb2 53. Qxb5+ Kc3 54. Qc5+ Kd3 55. Rd6+ Ke4 56. Rd4+ Ke3 57. Qe5+
Kf2 58. Rf4# 1-0

[Event "ICS rated blitz match"]
[Site "204.178.125.65"]
[Date "1999.12.08"]
[Round "?"]
[White "Hossa"]
[Black "wokkie"]
[Result "1-0"]
[WhiteElo "2511"]
[BlackElo "2514"]
[PlyCount "29"]

1. e4 d5 2. exd5 Nf6 3. d4 Nxd5 4. Nf3 g6 5. c4 Nb6 6. Qe2 Bg7 7. Bg5 O-O 8.
Bxe7 Qd7 9. Bxf8 Bxf8 10. Nc3 Nc6 11. O-O-O Bg7 12. Re1 Kf8 13. d5 Na5 14. Ne5
Qf5 15. Nxg6+ 1-0

[Event "ICS rated blitz match"]
[Site "204.178.125.65"]
[Date "1999.12.08"]
[Round "?"]
[White "PostModernist"]
[Black "Hossa"]
[Result "1-0"]
[WhiteElo "2648"]
[BlackElo "2527"]
[PlyCount "153"]

1. e4 c5 2. c3 e6 3. d4 d5 4. e5 Nc6 5. Nf3 Bd7 6. a3 cxd4 7. cxd4 Nge7 8. b4
Nf5 9. Nc3 Rc8 10. Bb2 Be7 11. Bd3 Nh4 12. Nxh4 Bxh4 13. Nb5 O-O 14. Nd6 Rc7
15. O-O Bg5 16. Qf3 Qb8 17. Rae1 a6 18. b5 axb5 19. Nxb5 Rcc8 20. Rb1 f6 21.
Qh3 Bh6 22. Nd6 fxe5 23. Nxc8 Bxc8 24. dxe5 Nxe5 25. Be2 Nf7 26. Qc3 e5 27.
Rfd1 Bf5 28. Bd3 Bg4 29. Re1 Bf4 30. Ba1 Rc8 31. Qb2 Rc7 32. Qb3 e4 33. Ba6
Bxh2+ 34. Kh1 Qd8 35. Kxh2 bxa6 36. Qg3 Qd6 37. f3 Qxg3+ 38. Kxg3 Bc8 39. fxe4
dxe4 40. Rxe4 Nd6 41. Ree1 Rc6 42. Rbd1 Kf7 43. Rd5 Be6 44. Rd3 a5 45. Rf3+
Nf5+ 46. Kh2 Kg6 47. Re5 a4 48. Rf4 Nh6 49. Ree4 Bb3 50. Rf3 Nf5 51. Ref4 Bc2
52. g4 Nd6 53. Re3 Kg5 54. Kg3 Nc4 55. Re7 Bg6 56. Rxg7 Ne3 57. Re7 Nc4 58. Rc7
h5 59. Rxc6 h4+ 60. Kf3 Nd2+ 61. Ke3 Nb3 62. Bf6+ Kh6 63. g5+ Kh5 64. Rcc4 Bf7
65. Rxh4+ Kg6 66. Rc7 Kf5 67. Rxf7 Nc5 68. Rf4+ Ke6 69. g6 Nd7 70. Re7+ Kd6 71.
Rd4+ Kc6 72. Rdxd7 Kc5 73. Rc7+ Kd5 74. Kd3 Kd6 75. g7 Kd5 76. g8=Q+ Kd6 77.
Qd8# 1-0

[Event "ICS rated blitz match"]
[Site "204.178.125.65"]
[Date "1999.12.08"]
[Round "?"]
[White "Hossa"]
[Black "PostModernist"]
[Result "1/2-1/2"]
[WhiteElo "2516"]
[BlackElo "2659"]
[PlyCount "198"]

1. e4 c5 2. Nf3 Nc6 3. d4 cxd4 4. Nxd4 Nf6 5. Nc3 d6 6. Bc4 Qb6 7. Ndb5 a6 8.
Be3 Qa5 9. Nd4 Nxd4 10. Qxd4 e6 11. O-O Be7 12. Rfd1 O-O 13. Be2 Bd7 14. Bd2
Qc7 15. Bg5 Bc6 16. Bxf6 Bxf6 17. Qxd6 Qxd6 18. Rxd6 Bxc3 19. bxc3 Bxe4 20. Bd3
Bxd3 21. Rxd3 Rac8 22. Rad1 b5 23. a3 g6 24. Kf1 Rc4 25. Rb1 Rfc8 26. Rb3 R4c5
27. Ke2 Re5+ 28. Kd2 Kg7 29. Rb4 Rf5 30. f3 a5 31. Rbd4 Rfc5 32. g3 a4 33. h3
h5 34. Rd6 g5 35. Rd7 h4 36. gxh4 gxh4 37. R7d4 Rc4 38. Rxc4 Rxc4 39. Rd4 Rxd4+
40. cxd4 Kf6 41. c3 Ke7 42. Kd3 Kd6 43. c4 bxc4+ 44. Kxc4 e5 45. dxe5+ Kxe5 46.
Kb5 Kf4 47. Kxa4 Kg3 48. Kb5 Kxh3 49. a4 Kg3 50. a5 h3 51. a6 h2 52. a7 h1=Q
53. a8=Q Qxf3 54. Qg8+ Kf2 55. Kc5 Qe3+ 56. Kd6 Qe6+ 57. Kc7 Qe7+ 58. Kc8 Qc5+
59. Kd7 f5 60. Qa2+ Kg3 61. Qb3+ Kg4 62. Qg8+ Kf4 63. Qb3 Qd4+ 64. Kc8 Qd6 65.
Qc4+ Ke5 66. Qc3+ Ke6 67. Kb7 Qe5 68. Qc6+ Kf7 69. Qc4+ Kg7 70. Qc8 Qe4+ 71.
Ka7 Qe7+ 72. Kb6 Qf6+ 73. Kb5 Kh6 74. Ka4 Qa1+ 75. Kb3 Qb1+ 76. Ka3 Qd3+ 77.
Kb2 Qe2+ 78. Ka3 Qe3+ 79. Ka2 Qa7+ 80. Kb1 Qb6+ 81. Kc2 Qf2+ 82. Kd1 Qd4+ 83.
Ke2 Kg5 84. Qg8+ Kf4 85. Qb8+ Qe5+ 86. Qxe5+ Kxe5 87. Kf3 f4 88. Kg2 Ke4 89.
Kf2 f3 90. Kf1 Ke3 91. Ke1 Kf4 92. Kf2 Kg4 93. Kf1 Kf5 94. Kf2 Kf4 95. Kf1 Kg4
96. Kf2 Kf4 97. Kf1 Kg3 98. Kg1 f2+ 99. Kf1 Kf3 1/2-1/2

[Event "ICS rated blitz match"]
[Site "204.178.125.65"]
[Date "1999.12.08"]
[Round "?"]
[White "PostModernist"]
[Black "Hossa"]
[Result "1-0"]
[WhiteElo "2653"]
[BlackElo "2522"]
[PlyCount "103"]

1. e4 c5 2. Nf3 d6 3. d4 cxd4 4. Nxd4 Nf6 5. Nc3 g6 6. Be3 Bg7 7. f3 O-O 8. Qd2
d5 9. e5 Ne8 10. f4 f6 11. O-O-O fxe5 12. fxe5 Nc6 13. Nf3 Bg4 14. Nxd5 Rxf3
15. gxf3 Bxf3 16. Bg2 Bxd1 17. Rxd1 Bxe5 18. Bc5 Nd6 19. Nxe7+ Qxe7 20. Bxd6
Qxd6 21. Qxd6 Bxd6 22. Rxd6 Rd8 23. Rxd8+ Nxd8 24. b4 g5 25. c4 Kf7 26. c5 a6
27. a4 Kg7 28. b5 axb5 29. a5 Kf6 30. Bxb7 Ne6 31. a6 Nc7 32. a7 Ke5 33. a8=Q
Nxa8 34. Bxa8 h5 35. Kc2 h4 36. Kc3 g4 37. Kb4 g3 38. hxg3 hxg3 39. Bg2 Kf5 40.
c6 Ke6 41. Kxb5 Kd6 42. Kb6 Ke5 43. c7 Kf4 44. c8=Q Ke3 45. Qc1+ Ke2 46. Qb2+
Kd3 47. Kc5 Ke3 48. Qd4+ Ke2 49. Kb6 Ke1 50. Qb2 Kd1 51. Bf3+ Ke1 52. Qe2# 1-0

[Event "ICS rated blitz match"]
[Site "204.178.125.65"]
[Date "1999.12.08"]
[Round "?"]
[White "Quanny"]
[Black "Hossa"]
[Result "1/2-1/2"]
[WhiteElo "2665"]
[BlackElo "2512"]
[PlyCount "192"]

1. e4 c5 2. Nf3 e6 3. d4 cxd4 4. Nxd4 Nf6 5. Nc3 d6 6. Bg5 Be7 7. f4 h6 8. Bxf6
Bxf6 9. Ndb5 Be7 10. Qd4 O-O 11. Rd1 Nc6 12. Qd2 f5 13. exf5 Rxf5 14. Nxd6 Bxd6
15. Qxd6 Qxd6 16. Rxd6 Rxf4 17. Bd3 Rb4 18. b3 Kf7 19. Ne4 Ke7 20. c4 Ne5 21.
Bc2 Bd7 22. O-O Rd8 23. Rfd1 Nf7 24. R6d2 Rb6 25. Nc5 Bc8 26. Rxd8 Nxd8 27. Bg6
e5 28. Be4 Rf6 29. Re1 Kd6 30. b4 b6 31. Nd3 Bf5 32. c5+ Ke6 33. Bxf5+ Rxf5 34.
g4 Rg5 35. h3 Nc6 36. cxb6 axb6 37. Nf4+ Kd6 38. Rd1+ Nd4 39. Kf2 exf4 40.
Rxd4+ Rd5 41. Rxf4 Rd2+ 42. Ke3 Rxa2 43. Rf7 Ra3+ 44. Kd4 Rxh3 45. Rxg7 Rh4 46.
Rg6+ Kc7 47. Kd5 h5 48. Rg7+ Kb8 49. gxh5 Rxh5+ 50. Kc6 Rh4 51. Kb5 Rf4 52. Re7
Rd4 53. Rf7 Rh4 54. Rd7 Re4 55. Rh7 Rg4 56. Ka4 Rc4 57. Rf7 Rc7 58. Rf8+ Kb7
59. Kb5 Re7 60. Rf5 Rd7 61. Rg5 Rh7 62. Re5 Rc7 63. Rh5 Rf7 64. Rd5 Kc7 65. Re5
Rh7 66. Rf5 Kb7 67. Rf3 Rh5+ 68. Ka4 b5+ 69. Ka5 Rh2 70. Kxb5 Rh5+ 71. Kc4 Rh4+
72. Kd5 Rxb4 73. Rf6 Kc7 74. Ke6 Kd8 75. Kf7 Kc8 76. Rh6 Kd8 77. Kg8 Ke8 78.
Rh7 Kd8 79. Kh8 Ke8 80. Rg7 Kf8 81. Rh7 Ke8 82. Rc7 Kd8 83. Rg7 Ke8 84. Kh7 Kf8
85. Kh6 Ke8 86. Rh7 Kf8 87. Kg5 Kg8 88. Re7 Kh8 89. Re8+ Kg7 90. Rd8 Kh7 91.
Re8 Kg7 92. Kf5 Kh7 93. Rd8 Kg7 94. Ke6 Kh6 95. Ke7 Kg7 96. Re8 Kh7 1/2-1/2

[Event "ICS rated blitz match"]
[Site "204.178.125.65"]
[Date "1999.12.08"]
[Round "?"]
[White "Hossa"]
[Black "Zippy"]
[Result "1-0"]
[WhiteElo "2519"]
[BlackElo "2342"]
[PlyCount "149"]

1. e4 e6 2. d4 d5 3. e5 c5 4. c3 Nc6 5. Nf3 Qb6 6. a4 Bd7 7. Be2 cxd4 8. cxd4
Nh6 9. Bxh6 Qxb2 10. Nbd2 gxh6 11. Rb1 Qc3 12. Rb3 Qa5 13. Rxb7 Rb8 14. Rb5
Rxb5 15. axb5 Nd8 16. O-O Rg8 17. Qa1 Qb6 18. Qa6 Qxa6 19. bxa6 Nc6 20. Rc1 Ba3
21. Rb1 Rg4 22. h3 Rf4 23. Nb3 Bb4 24. g3 Rf5 25. Kg2 f6 26. Bd3 Rxf3 27. Kxf3
fxe5 28. Kg2 e4 29. Bb5 Ke7 30. g4 Kd6 31. Nc1 Ba5 32. Ne2 h5 33. gxh5 Bb6 34.
Rd1 Bd8 35. h6 Bg5 36. Bxc6 Bxc6 37. Rb1 Bxh6 38. Rb8 Bd2 39. Rb2 Ba5 40. h4
Bd8 41. h5 Bg5 42. Rb8 Bd2 43. Rd8+ Bd7 44. Kf1 Kc7 45. Rh8 h6 46. Rh7 Kd6 47.
Rg7 Ba5 48. Kg2 Bb5 49. Nf4 Bc3 50. Rg6 Bd7 51. Ne2 Bd2 52. Ng3 Kc7 53. Rg7 Kc6
54. Rh7 Kd6 55. Rf7 Bc3 56. Ne2 Bb2 57. Rf6 Bc8 58. Rxh6 Bxa6 59. Ng3 Bxd4 60.
Nf5+ Ke5 61. Nxd4 Kxd4 62. Rxe6 Bc8 63. h6 Bxe6 64. h7 Kd3 65. h8=Q d4 66. Qb8
e3 67. Qb1+ Kd2 68. Qe4 Bh3+ 69. Kxh3 e2 70. Qxd4+ Kc2 71. Qe3 Kd1 72. Qd3+ Ke1
73. Kg2 a5 74. Qc2 a4 75. Qc1# 1-0

[Event "ICS rated blitz match"]
[Site "204.178.125.65"]
[Date "1999.12.08"]
[Round "?"]
[White "Champbuster"]
[Black "Hossa"]
[Result "0-1"]
[WhiteElo "2338"]
[BlackElo "2527"]
[PlyCount "58"]

1. e4 c5 2. Nf3 e6 3. d4 cxd4 4. Nxd4 Nf6 5. Nc3 d6 6. Bd3 a6 7. O-O Be7 8. a4
O-O 9. Kh1 Nc6 10. Nxc6 bxc6 11. f4 d5 12. e5 Nd7 13. Ne2 Nc5 14. Be3 Rb8 15.
b3 Qc7 16. Ng3 Rd8 17. Bxc5 Bxc5 18. Nh5 Kh8 19. Qg4 Rg8 20. Rf3 Bd4 21. Bxh7
f5 22. exf6 Bxa1 23. Rh3 Qa5 24. Re3 Qd2 25. Qg3 Kxh7 26. Nxg7 Bxf6 27. Nh5
Rxg3 28. Nxf6+ Kh8 29. Rxg3 Qd1# 0-1

[Event "ICS rated blitz match"]
[Site "204.178.125.65"]
[Date "1999.12.08"]
[Round "?"]
[White "Hossa"]
[Black "Champbuster"]
[Result "1-0"]
[WhiteElo "2535"]
[BlackElo "2342"]
[PlyCount "149"]

1. e4 e6 2. d4 d5 3. e5 c5 4. c3 Nc6 5. Nf3 Nge7 6. Bd3 cxd4 7. cxd4 Bd7 8. Nc3
Ng6 9. O-O Bb4 10. Be3 O-O 11. Rc1 Rc8 12. Qb3 Bxc3 13. Rxc3 Na5 14. Rxc8 Qxc8
15. Qa3 Nc6 16. Rc1 Qb8 17. Qd6 Qxd6 18. exd6 f6 19. h4 Rd8 20. h5 Nf8 21. Bf4
g5 22. hxg6 hxg6 23. Bg3 Kf7 24. Rc5 Bc8 25. Rc3 Nd7 26. Bb5 Ndb8 27. a4 Bd7
28. b3 a6 29. Bxc6 Bxc6 30. Ne1 Nd7 31. Nd3 Nb6 32. Nc5 Nc8 33. d7 Ne7 34. Bc7
Rxd7 35. Nxd7 Bxd7 36. f4 Bc6 37. g4 Ke8 38. g5 fxg5 39. fxg5 Nf5 40. Be5 Kf7
41. Rh3 b5 42. Rh7+ Kg8 43. Ra7 bxa4 44. Rxa6 Bb5 45. Ra8+ Kf7 46. Ra7+ Ke8 47.
bxa4 Bc4 48. Kf2 Ne7 49. Rc7 Nf5 50. a5 Kd8 51. Rf7 Kc8 52. Rf6 Nh4 53. Rxe6
Kb7 54. Ke3 Nf5+ 55. Kd2 Nh4 56. Rf6 Ka7 57. Bg3 Nf5 58. Rxf5 gxf5 59. g6 Ka6
60. Ke3 Kxa5 61. g7 f4+ 62. Bxf4 Bb5 63. g8=Q Ka4 64. Qa8+ Kb3 65. Qxd5+ Bc4
66. Qxc4+ Kxc4 67. Ke4 Kc3 68. d5 Kc2 69. d6 Kd1 70. d7 Kc2 71. d8=Q Kc3 72.
Qd4+ Kb3 73. Bc1 Kc2 74. Qb2+ Kd1 75. Qd2# 1-0

[Event "ICS rated blitz match"]
[Site "204.178.125.65"]
[Date "1999.12.08"]
[Round "?"]
[White "Hossa"]
[Black "PostModernist"]
[Result "0-1"]
[WhiteElo "2543"]
[BlackElo "2639"]
[PlyCount "162"]

1. e4 c5 2. Nf3 d6 3. d4 Nf6 4. Nc3 cxd4 5. Nxd4 Nc6 6. Nde2 g6 7. g3 Bg4 8.
Bg2 Bg7 9. f3 Be6 10. Be3 d5 11. O-O dxe4 12. fxe4 Ng4 13. Qc1 Nxe3 14. Qxe3
Bc4 15. Rfd1 Qa5 16. Nf4 O-O 17. Bf1 Bxf1 18. Kxf1 Nb4 19. Qf2 Bxc3 20. bxc3
Nc6 21. Nd5 f5 22. e5 Rfd8 23. c4 e6 24. Nf6+ Kh8 25. Qf4 Qxe5 26. Qxe5 Nxe5
27. Re1 Nxc4 28. Rxe6 Kg7 29. Rae1 Rac8 30. h4 f4 31. gxf4 Nd2+ 32. Kg2 Rxc2
33. Ng4 Nc4+ 34. R1e2 Rxe2+ 35. Rxe2 Rd2 36. Kf2 Rxe2+ 37. Kxe2 Nd6 38. Kf3 b5
39. Ne5 Nf5 40. Kg4 Nd4 41. h5 gxh5+ 42. Kxh5 b4 43. Nd3 b3 44. axb3 Nxb3 45.
Ne5 Nd4 46. Nd7 a5 47. Nb6 h6 48. Na4 Nf5 49. Nc5 Kh7 50. Kg4 Kg6 51. Kf3 h5
52. Na4 Nh6 53. Kg3 Ng8 54. Nc3 Ne7 55. Kf3 Kf5 56. Ne4 a4 57. Nd6+ Kf6 58. Nc4
Nf5 59. Na3 Ke6 60. Nb5 Nd6 61. Nc3 a3 62. Kg3 Kf5 63. Na2 Ne4+ 64. Kf3 h4 65.
Nb4 Nd2+ 66. Ke3 h3 67. Kf2 Kg4 68. Na2 Ne4+ 69. Kf1 Kf3 70. Kg1 Kg3 71. Kf1 h2
72. Ke2 h1=Q 73. Kd3 Qb1+ 74. Kd4 Kxf4 75. Kd5 Qxa2+ 76. Kc6 Qe6+ 77. Kc7 Qd6+
78. Kc8 a2 79. Kb7 Nc5+ 80. Kc8 Qd7+ 81. Kb8 Qb7# 0-1

[Event "ICS rated blitz match"]
[Site "204.178.125.65"]
[Date "1999.12.08"]
[Round "?"]
[White "PostModernist"]
[Black "Hossa"]
[Result "1-0"]
[WhiteElo "2651"]
[BlackElo "2531"]
[PlyCount "149"]

1. e4 c5 2. Nf3 d6 3. d4 Nf6 4. Nc3 cxd4 5. Nxd4 Nc6 6. Bg5 Bd7 7. Qd2 Nxd4 8.
Qxd4 Qa5 9. Bd2 e5 10. Qd3 h6 11. Nd5 Qd8 12. Nxf6+ gxf6 13. O-O-O Rc8 14. Bb4
Rc6 15. Qd2 h5 16. Kb1 Qb6 17. Bd3 Bh6 18. Qe1 Be6 19. Be2 h4 20. Ba5 Qc5 21.
Bc3 Bf4 22. Bd3 h3 23. g3 Bh6 24. Bb4 Qb6 25. Ba5 Qc5 26. f3 Bg5 27. Rf1 Bh6
28. Bb4 Qb6 29. f4 Bg4 30. Ba5 Qc5 31. Rc1 Rc8 32. Bb4 Qc6 33. Qf2 a6 34. Rce1
Bg7 35. Qd2 Rd8 36. Be2 Be6 37. f5 Bc4 38. Bxc4 Qxc4 39. b3 Qc6 40. Rf3 Bh6 41.
Qe2 Qb6 42. Bc3 Qc5 43. Rd1 d5 44. Rfd3 d4 45. Bb2 Rd6 46. c3 Be3 47. cxd4 exd4
48. Bxd4 Bxd4 49. Rc1 Qe5 50. Rc8+ Rd8 51. Rxd8+ Kxd8 52. Qe3 Re8 53. Rxd4+ Kc8
54. Rc4+ Kb8 55. Qb6 a5 56. Rd4 Ka8 57. b4 a4 58. b5 a3 59. Ra4+ Kb8 60. Qa7+
Kc7 61. Rc4+ Kd8 62. Qa5+ Kd7 63. Qd2+ Ke7 64. Qb4+ Kd8 65. Rd4+ Kc8 66. b6 Kb8
67. Qa4 Rg8 68. Qa7+ Kc8 69. Qa8+ Qb8 70. Qa4 Qc7 71. bxc7 Kxc7 72. Qd7+ Kb6
73. Qd6+ Kb5 74. Rb4+ Ka5 75. Qb6# 1-0